| 000 | 00928nam a2200265 a 4500 | ||
|---|---|---|---|
| 001 | 45076 | ||
| 003 | BD-RjUL | ||
| 005 | 20211209053947.0 | ||
| 008 | 160723s1958 sz ar p i0 0eng d | ||
| 020 | _c: $ 4.00 | ||
| 035 | _a(BD-RjUL)45194 | ||
| 035 | _a123731 | ||
| 040 |
_aADEET _beng _cADEET _dADEET _dBD-RjUL |
||
| 041 | _aeng | ||
| 082 | 0 | 4 |
_223 _a330.94 _bECO 1958 |
| 245 | 0 | 0 |
_aEconomic survey of Europe in 1957 / _cResearch and Planning Division, Economic Commission for Europe. |
| 260 |
_aGeneva : _bUnited Nations, _c1958 |
||
| 300 |
_aVarous pages ; _c28 cm. |
||
| 500 | _aAt head of title: United Nations. Department of Economic Affairs. | ||
| 651 | 0 |
_aEurope _xEconomic conditions _9138084 |
|
| 710 | 2 |
_aUnited Nations. _bEconomic Commission for Europe. _bResearch and Planning Division. _9138085 |
|
| 710 | 2 |
_aUnited Nations. _bDepartment of Economic Affairs. _9117448 |
|
| 942 |
_2ddc _cBK |
||
| 999 |
_c45076 _d45076 |
||